Willehalm

Guardado en:
Bibliografiske detaljer
Hovedforfatter: Eschenbach, Wolfram Von
Format: Bog
Sprog:Undetermined
Udgivet: Gran Bretaña Penguin Books 1984
Fag:
Tags: Tilføj Tag
Ingen Tags, Vær først til at tagge denne postø!

MARC

LEADER 00000nam a2200000Ia 4500
008 170316s9999 xx 000 0 und d
040 |a cru BVZT 
090 |a 830 E-2w 
100 |a Eschenbach, Wolfram Von 
245 |a Willehalm 
260 |a Gran Bretaña 
260 |b Penguin Books 
260 |c 1984 
300 |a 312 páginas 
650 |a LITERATURA ALEMANA 
999 |c 7309  |d 7309 
942 |c 15 D  |h 830 E-2w  |2 z